00734nam a2200229Ia 4500003000900000008004100009040001300050040001300063041000800076100002200084245009900106250001200205260000900217260000900226300001100235300001000246490000600256600002200262942000700284999001700291952019600308IT-RoPAU120407s9999 xx 000 0 und d aIT-RoPAU cIT-RoPAU aita aAlfio Pinocchiaro aAnalisi logica per la preparazione allo studio del latino nelle scuola media inferiore. 2a ed. aBologna aCeli c1945 a256 p. c20 cm v1 a1. Analisi logica cBK c30638d30638 00102ddc406471_60000000000000071aPAULUSbPAULUSd2012-04-11l0o471.6r2012-04-11 00:00:00w2012-04-11yBKzInserito da: Mario In data: 19 settembre 2011 fondo: Via A.Severo 56 Progr:882